[Event "4NCL/2001-02/D3/BRI2-MSL"]
[Site "Rd03-Birmingham"]
[Date "2001.11.24"]
[Round "3.1"]
[White "Collier, David O"]
[Black "Kenworthy, Gary"]
[Result "0-1"]
[WhiteElo "2255"]
[BlackElo "2274"]
[PlyCount "74"]
[EventDate "2001.11.24"]
[EventType "team-match"]
[EventCountry "ENG"]
[SourceTitle "BritBase"]
[Source "John Saunders"]
[SourceDate "2024.10.24"]
[SourceVersion "1"]
[SourceVersionDate "2024.10.24"]
[SourceQuality "1"]
[WhiteTeam "Bristol 2"]
[BlackTeam "Mind Sports Ltd"]
[WhiteTeamCountry "ENG"]
[BlackTeamCountry "ENG"]

1. d4 c5 2. d5 Nf6 3. c4 g6 4. Nc3 d6 5. g3 Bg7 6. Bg2 O-O 7. Nf3 a6 8. a4 e6 9. O-O exd5 10. cxd5 Nbd7 11. h3 Rb8 12. a5 b5 13. axb6 Nxb6 14. Nd2 Re8 15. Re1 Nfd7 16. e4 c4 17. Bf1 Nc5 18. Ra3 Nd3 19. Bxd3 cxd3 20. Qf3 f5 21. Qxd3 fxe4 22. Ndxe4 Bxh3 23. Rxa6 Bf5 24. Ra7 Nd7 25. Qf1 Ne5 26. Kg2 Qc8 27. Qa6 Bh3+ 28. Kh1 Qf5 29. Ng5 Qxf2 30. Rxg7+ Kxg7 31. Qe2 Bg2+ 32. Kh2 Nf3+ 33. Nxf3 Rxe2 34. Rxe2 Qxf3 35. Rxg2 Re8 36. Bd2 Re5 37. Kg1 Rf5 0-1

[Event "4NCL/2001-02/D3/BRI2-MSL"]
[Site "Rd03-Birmingham"]
[Date "2001.11.24"]
[Round "3.2"]
[White "Coleman, James"]
[Black "Dilleigh, Stephen P"]
[Result "0-1"]
[WhiteElo "2137"]
[BlackElo "2173"]
[PlyCount "52"]
[EventDate "2001.11.24"]
[EventType "team-match"]
[EventCountry "ENG"]
[SourceTitle "BritBase"]
[Source "John Saunders"]
[SourceDate "2024.10.24"]
[SourceVersion "1"]
[SourceVersionDate "2024.10.24"]
[SourceQuality "1"]
[WhiteTeam "Mind Sports Ltd"]
[BlackTeam "Bristol 2"]
[WhiteTeamCountry "ENG"]
[BlackTeamCountry "ENG"]

1. d4 g6 2. Nf3 Bg7 3. Nc3 d6 4. e4 c6 5. Be3 b5 6. Bd3 Nd7 7. a4 b4 8. Ne2 Ngf6 9. Qd2 a5 10. O-O O-O 11. Bh6 e5 12. Ng3 Ne8 13. Bxg7 Kxg7 14. c3 Rb8 15. Rac1 Qf6 16. cxb4 Rxb4 17. Rxc6 Qd8 18. dxe5 Nxe5 19. Nxe5 dxe5 20. Qc3 Bb7 21. Rc5 f6 22. Bb5 Nd6 23. Rc7+ Rf7 24. Rxf7+ Kxf7 25. Rd1 Nxb5 26. Rxd8 Nxc3 0-1

[Event "4NCL/2001-02/D3/BRI2-MSL"]
[Site "Rd03-Birmingham"]
[Date "2001.11.24"]
[Round "3.3"]
[White "Easton, Alex"]
[Black "Parker, Robert"]
[Result "1/2-1/2"]
[WhiteElo "2139"]
[BlackElo "2120"]
[PlyCount "41"]
[EventDate "2001.11.24"]
[EventType "team-match"]
[EventCountry "ENG"]
[SourceTitle "BritBase"]
[Source "John Saunders"]
[SourceDate "2024.10.24"]
[SourceVersion "1"]
[SourceVersionDate "2024.10.24"]
[SourceQuality "1"]
[WhiteTeam "Bristol 2"]
[BlackTeam "Mind Sports Ltd"]
[WhiteTeamCountry "ENG"]
[BlackTeamCountry "ENG"]

1. Nf3 d5 2. c4 c6 3. d4 Nf6 4. cxd5 cxd5 5. Nc3 Nc6 6. Ne5 Bf5 7. Nxc6 bxc6 8. g3 e6 9. Bg2 Be7 10. O-O O-O 11. Bf4 Qb6 12. Qd2 Nd7 13. Rac1 Rac8 14. Be3 Qa6 15. Qd1 Nb6 16. Bf4 Rfd8 17. h3 Nc4 18. g4 Bg6 19. Na4 Nb6 20. Nc5 Qb5 21. b3 1/2-1/2

[Event "4NCL/2001-02/D3/BRI2-MSL"]
[Site "Rd03-Birmingham"]
[Date "2001.11.24"]
[Round "3.4"]
[White "Almond, Richard JA"]
[Black "Rudd, Jack"]
[Result "1-0"]
[WhiteElo "2136"]
[BlackElo "2135"]
[PlyCount "103"]
[EventDate "2001.11.24"]
[EventType "team-match"]
[EventCountry "ENG"]
[SourceTitle "BritBase"]
[Source "John Saunders"]
[SourceDate "2024.10.24"]
[SourceVersion "1"]
[SourceVersionDate "2024.10.24"]
[SourceQuality "1"]
[WhiteTeam "Mind Sports Ltd"]
[BlackTeam "Bristol 2"]
[WhiteTeamCountry "ENG"]
[BlackTeamCountry "ENG"]

1. d4 Nf6 2. c4 e6 3. Nc3 c5 4. d5 exd5 5. cxd5 d6 6. Nf3 g6 7. Nd2 Bg7 8. e4 O-O 9. Be2 Na6 10. O-O Nc7 11. a4 b6 12. Nc4 Ba6 13. Bf4 Bxc4 14. Bxc4 Nh5 15. Be3 a6 16. g4 Nf6 17. f3 Nd7 18. Qd2 Re8 19. Bg5 Bf6 20. h4 Rb8 21. Kg2 b5 22. axb5 axb5 23. Be2 Bxg5 24. hxg5 b4 25. Nd1 Qe7 26. Ra7 Nb6 27. Nf2 Rec8 28. Rfa1 Ra8 29. f4 Qd8 30. Nd1 Rxa7 31. Rxa7 Ra8 32. Rxa8 Qxa8 33. Ne3 Kf8 34. Nc4 Nc8 35. Bf3 Qa2 36. Qc2 Nb5 37. e5 Na3 38. Nxa3 bxa3 39. exd6 Nxd6 40. Qxc5 Qxb2+ 41. Kg3 a2 42. Qxd6+ Kg8 43. f5 gxf5 44. gxf5 a1=Q 45. Qd8+ Kg7 46. f6+ Kg6 47. Qg8+ Kf5 48. Qxh7+ Kxg5 49. Qh4+ Kf5 50. Qf4+ Kg6 51. Be4+ Kh5 52. Qh4# 1-0

[Event "4NCL/2001-02/D3/BRI2-MSL"]
[Site "Rd03-Birmingham"]
[Date "2001.11.24"]
[Round "3.5"]
[White "Curtis, John"]
[Black "Purdon, Colin"]
[Result "1/2-1/2"]
[WhiteElo "2118"]
[BlackElo "2097"]
[PlyCount "66"]
[EventDate "2001.11.24"]
[EventType "team-match"]
[EventCountry "ENG"]
[SourceTitle "BritBase"]
[Source "John Saunders"]
[SourceDate "2024.10.24"]
[SourceVersion "1"]
[SourceVersionDate "2024.10.24"]
[SourceQuality "1"]
[WhiteTeam "Bristol 2"]
[BlackTeam "Mind Sports Ltd"]
[WhiteTeamCountry "ENG"]
[BlackTeamCountry "ENG"]

1. d4 Nf6 2. Nf3 e6 3. Bf4 c5 4. c3 Nc6 5. e3 b6 6. Nbd2 Be7 7. Bd3 O-O 8. Ne5 Bb7 9. O-O d6 10. Nxc6 Bxc6 11. e4 e5 12. Be3 cxd4 13. cxd4 Qd7 14. d5 Bb5 15. Bxb5 Qxb5 16. Qb3 Qd7 17. f3 Rac8 18. Rac1 Nh5 19. Nc4 Nf4 20. Rc2 Rc7 21. Rfc1 Rfc8 22. a4 Bg5 23. Kh1 h6 24. Na3 Kf8 25. Nb5 Rxc2 26. Rxc2 Rxc2 27. Qxc2 Ke7 28. Bd2 a6 29. Na3 b5 30. axb5 axb5 31. Qc6 Nd3 32. Bxg5+ hxg5 33. Qxd7+ Kxd7 1/2-1/2

[Event "4NCL/2001-02/D3/BRI2-MSL"]
[Site "Rd03-Birmingham"]
[Date "2001.11.24"]
[Round "3.6"]
[White "Grigoryan, Meri"]
[Black "Humphreys, Jerry G"]
[Result "1-0"]
[WhiteElo "2036"]
[BlackElo "2087"]
[PlyCount "83"]
[EventDate "2001.11.24"]
[EventType "team-match"]
[EventCountry "ENG"]
[SourceTitle "BritBase"]
[Source "John Saunders"]
[SourceDate "2024.10.24"]
[SourceVersion "1"]
[SourceVersionDate "2024.10.24"]
[SourceQuality "1"]
[WhiteTeam "Mind Sports Ltd"]
[BlackTeam "Bristol 2"]
[WhiteTeamCountry "ENG"]
[BlackTeamCountry "ENG"]

1. e4 c5 2. f4 Nc6 3. Nf3 d6 4. Bb5 e6 5. Bxc6+ bxc6 6. Nc3 Ne7 7. O-O g6 8. d3 Bg7 9. Qe1 Bd7 10. Qg3 Qc7 11. f5 O-O 12. Bg5 f6 13. fxg6 hxg6 14. Qh4 Rf7 15. Ne2 Raf8 16. Be3 e5 17. g4 Be6 18. a3 Qd7 19. h3 Rb8 20. Rab1 Bh8 21. b4 Rh7 22. Qg3 cxb4 23. axb4 Rb7 24. Kg2 g5 25. Qf2 Ng6 26. Ng3 Nf4+ 27. Bxf4 exf4 28. Nf5 Bxf5 29. exf5 Re7 30. Rfe1 c5 31. bxc5 Rxe1 32. Rxe1 dxc5 33. Qxc5 Rc7 34. Qf2 Bg7 35. Nd4 Qd5+ 36. Kh2 Qc5 37. Kg2 Bf8 38. Re8 Qd5+ 39. Kh2 Rd7 40. c3 Kf7 41. Qe2 a5 42. Rc8 1-0

[Event "4NCL/2001-02/D3/BRI2-MSL"]
[Site "Rd03-Birmingham"]
[Date "2001.11.24"]
[Round "3.7"]
[White "Richards, John"]
[Black "Broomfield, Lucy J"]
[Result "1/2-1/2"]
[WhiteElo "2034"]
[BlackElo "2072"]
[PlyCount "79"]
[EventDate "2001.11.24"]
[EventType "team-match"]
[EventCountry "ENG"]
[SourceTitle "BritBase"]
[Source "John Saunders"]
[SourceDate "2024.10.24"]
[SourceVersion "1"]
[SourceVersionDate "2024.10.24"]
[SourceQuality "1"]
[WhiteTeam "Bristol 2"]
[BlackTeam "Mind Sports Ltd"]
[WhiteTeamCountry "ENG"]
[BlackTeamCountry "ENG"]

1. e4 e6 2. d4 d5 3. exd5 exd5 4. Nf3 Bd6 5. c4 c6 6. Nc3 Ne7 7. Bd3 Bg4 8. O-O Nd7 9. Re1 dxc4 10. Bxc4 O-O 11. Bg5 h6 12. Ne4 Bb4 13. Bd2 Bxd2 14. Nexd2 Nf6 15. Qb3 Qc7 16. Rac1 Rad8 17. Ne4 Ned5 18. Ne5 Bh5 19. Ng3 Bg6 20. Nf1 Kh8 21. Qg3 Kh7 22. Ne3 Ne4 23. Qh4 Ndf6 24. N3g4 Nxg4 25. Qxg4 Nf6 26. Qg3 Nh5 {(=)} 27. Qf3 Nf6 28. Rcd1 Qb6 29. Nxg6 fxg6 30. Qb3 Qxb3 31. Bxb3 Rd7 32. f3 Rfd8 33. Re2 Rxd4 34. Rxd4 Rxd4 35. Re7 Rd7 36. Re2 c5 37. Bc2 b6 38. g4 Rc7 39. h4 Rd7 40. h5 1/2-1/2

[Event "4NCL/2001-02/D3/BRI2-MSL"]
[Site "Rd03-Birmingham"]
[Date "2001.11.24"]
[Round "3.8"]
[White "Kelly, Paul J"]
[Black "Wahl-Jorgensen, Karin"]
[Result "1-0"]
[WhiteElo "1872"]
[BlackElo "1608"]
[PlyCount "49"]
[EventDate "2001.11.24"]
[EventType "team-match"]
[EventCountry "ENG"]
[SourceTitle "BritBase"]
[Source "John Saunders"]
[SourceDate "2024.10.24"]
[SourceVersion "1"]
[SourceVersionDate "2024.10.24"]
[SourceQuality "1"]
[WhiteTeam "Mind Sports Ltd"]
[BlackTeam "Bristol 2"]
[WhiteTeamCountry "ENG"]
[BlackTeamCountry "ENG"]

1. e4 c6 2. d4 d5 3. f3 dxe4 4. fxe4 e6 5. Nf3 Bd6 6. c3 Ne7 7. Bd3 c5 8. e5 Bc7 9. dxc5 Nbc6 10. Qe2 h6 11. Na3 Bd7 12. Nb5 Nd5 13. a3 a6 14. Nxc7+ Qxc7 15. c4 Nde7 16. b4 Rc8 17. O-O O-O 18. Bb2 Nd8 19. Rf2 Bc6 20. Raf1 Bxf3 21. Rxf3 Nec6 22. Qe4 g6 23. Re1 Kg7 24. Qg4 g5 25. h4 1-0

[Event "4NCL/2001-02/D3/GUI2-WR2"]
[Site "Rd03-Birmingham"]
[Date "2001.11.24"]
[Round "3.1"]
[White "Richardson, Keith Bevan"]
[Black "Stephenson, Frederick Norman"]
[Result "1/2-1/2"]
[WhiteElo "2220"]
[BlackElo "2226"]
[PlyCount "63"]
[EventDate "2001.11.24"]
[EventType "team-match"]
[EventCountry "ENG"]
[SourceTitle "BritBase"]
[Source "John Saunders"]
[SourceDate "2024.10.24"]
[SourceVersion "1"]
[SourceVersionDate "2024.10.24"]
[SourceQuality "1"]
[WhiteTeam "Guildford-ADC 2"]
[BlackTeam "White Rose 2"]
[WhiteTeamCountry "ENG"]
[BlackTeamCountry "ENG"]

1. e4 c5 2. Nf3 e6 3. d4 cxd4 4. Nxd4 Nf6 5. Nc3 Nc6 6. a3 d6 7. Be3 Be7 8. Be2 O-O 9. O-O a6 10. f4 Qc7 11. Kh1 Na5 12. Qd3 b5 13. e5 dxe5 14. fxe5 Nd7 15. Bf4 Bb7 16. Qh3 Qb6 17. Rad1 Rfd8 18. Bd3 Nf8 19. Nf3 Qc7 20. Ng5 Bxg5 21. Bxg5 Rd7 22. Rde1 Nc4 23. Ne4 Bxe4 24. Bxe4 Rc8 25. Re2 Nxb2 26. g3 Nd1 27. Bd2 Nc3 28. Bxc3 Qxc3 29. Qh5 Qxa3 30. Ree1 Qb4 31. Bd3 Qd4 32. Re4 1/2-1/2

[Event "4NCL/2001-02/D3/GUI2-WR2"]
[Site "Rd03-Birmingham"]
[Date "2001.11.24"]
[Round "3.2"]
[White "Gourlay, Iain"]
[Black "Jackson, Adrian"]
[Result "1/2-1/2"]
[WhiteElo "2186"]
[BlackElo "2234"]
[PlyCount "61"]
[EventDate "2001.11.24"]
[EventType "team-match"]
[EventCountry "ENG"]
[SourceTitle "BritBase"]
[Source "John Saunders"]
[SourceDate "2024.10.24"]
[SourceVersion "1"]
[SourceVersionDate "2024.10.24"]
[SourceQuality "1"]
[WhiteTeam "White Rose 2"]
[BlackTeam "Guildford-ADC 2"]
[WhiteTeamCountry "ENG"]
[BlackTeamCountry "ENG"]

1. Nf3 d5 2. g3 Nf6 3. Bg2 g6 4. c4 Bg7 5. O-O O-O 6. cxd5 Nxd5 7. d4 Nb6 8. Qc2 Nc6 9. Rd1 Bf5 10. e4 Bg4 11. d5 Ne5 12. Nbd2 f5 13. Re1 Nxf3+ 14. Nxf3 fxe4 15. Ng5 Bf5 16. Bxe4 Bxe4 17. Qxe4 Qxd5 18. Ne6 Qxe4 19. Rxe4 Rf7 20. Ng5 Rff8 21. Rxe7 Rae8 22. Rxc7 Bd4 23. Rc2 h6 24. Nh3 Re1+ 25. Kg2 g5 26. Ng1 g4 27. Rd2 Bg7 28. Re2 Rd1 29. Rd2 Re1 30. Re2 Rd1 31. Rd2 1/2-1/2

[Event "4NCL/2001-02/D3/GUI2-WR2"]
[Site "Rd03-Birmingham"]
[Date "2001.11.24"]
[Round "3.3"]
[White "Richardson, Kevin Derek"]
[Black "Burnett, James"]
[Result "1/2-1/2"]
[WhiteElo "2184"]
[BlackElo "2218"]
[PlyCount "46"]
[EventDate "2001.11.24"]
[EventType "team-match"]
[EventCountry "ENG"]
[SourceTitle "BritBase"]
[Source "John Saunders"]
[SourceDate "2024.10.24"]
[SourceVersion "1"]
[SourceVersionDate "2024.10.24"]
[SourceQuality "1"]
[WhiteTeam "Guildford-ADC 2"]
[BlackTeam "White Rose 2"]
[WhiteTeamCountry "ENG"]
[BlackTeamCountry "ENG"]

1. e4 d5 2. exd5 Qxd5 3. Nc3 Qa5 4. d4 Nf6 5. Nf3 c6 6. Bd2 Bf5 7. Bc4 e6 8. Qe2 Bb4 9. O-O-O Nbd7 10. Ne5 Nxe5 11. dxe5 Nd5 12. Nxd5 exd5 13. Bb3 O-O-O 14. g4 Bg6 15. Qe3 Bxd2+ 16. Rxd2 Rhe8 17. Qg3 Qc7 18. f4 Be4 19. Re1 f6 20. exf6 gxf6 21. c3 Re7 22. Rde2 Rde8 23. Re3 Qd6 1/2-1/2

[Event "4NCL/2001-02/D3/GUI2-WR2"]
[Site "Rd03-Birmingham"]
[Date "2001.11.24"]
[Round "3.4"]
[White "Wise, David"]
[Black "Anderton, Matthew N"]
[Result "1-0"]
[WhiteElo "2193"]
[BlackElo "2190"]
[PlyCount "115"]
[EventDate "2001.11.24"]
[EventType "team-match"]
[EventCountry "ENG"]
[SourceTitle "BritBase"]
[Source "John Saunders"]
[SourceDate "2024.10.24"]
[SourceVersion "1"]
[SourceVersionDate "2024.10.24"]
[SourceQuality "1"]
[WhiteTeam "White Rose 2"]
[BlackTeam "Guildford-ADC 2"]
[WhiteTeamCountry "ENG"]
[BlackTeamCountry "ENG"]

1. d4 Nf6 2. c4 e6 3. Nc3 Bb4 4. e3 O-O 5. Bd3 c5 6. Nge2 d5 7. O-O cxd4 8. exd4 dxc4 9. Bxc4 Nc6 10. Bg5 h6 11. Bh4 Be7 12. a3 Qb6 13. Qd3 Rd8 14. Rfd1 e5 15. Bxf6 Bxf6 16. Nd5 Rxd5 17. Bxd5 exd4 18. Bxc6 bxc6 19. Nxd4 Ba6 20. Qe3 c5 21. Nf3 Rb8 22. Rd2 c4 23. Nd4 Bxd4 24. Qxd4 Qxd4 25. Rxd4 Rxb2 26. Rd6 Bb5 27. Rd8+ Kh7 28. Rc8 Rb3 29. h3 c3 30. Rc1 Rxa3 31. R1xc3 Ra2 32. R8c7 Kg8 33. Re3 Ra4 34. Ree7 Bc4 35. Rxa7 Rb4 36. Reb7 Rxb7 37. Rxb7 Bd5 38. Ra7 Be6 39. Kh2 Kh7 40. Kg3 Bd5 41. h4 Be6 42. Kf4 Bc4 43. g4 Bb3 44. Rb7 Bc4 45. Rc7 Bb3 46. Rc5 Ba2 47. Ke5 Be6 48. f3 Bb3 49. f4 Bd1 50. g5 hxg5 51. hxg5 Kg6 52. Rc6+ Kh5 53. Rc1 Bb3 54. Rg1 g6 55. Rb1 Ba2 56. Rb2 Be6 57. Rb6 Ba2 58. Rf6 1-0

[Event "4NCL/2001-02/D3/GUI2-WR2"]
[Site "Rd03-Birmingham"]
[Date "2001.11.24"]
[Round "3.5"]
[White "Sharp, Peter"]
[Black "Thurlow, Kevin J"]
[Result "1/2-1/2"]
[WhiteElo "2104"]
[BlackElo "2193"]
[PlyCount "51"]
[EventDate "2001.11.24"]
[EventType "team-match"]
[EventCountry "ENG"]
[SourceTitle "BritBase"]
[Source "John Saunders"]
[SourceDate "2024.10.24"]
[SourceVersion "1"]
[SourceVersionDate "2024.10.24"]
[SourceQuality "1"]
[WhiteTeam "Guildford-ADC 2"]
[BlackTeam "White Rose 2"]
[WhiteTeamCountry "ENG"]
[BlackTeamCountry "ENG"]

1. d4 Nf6 2. c4 e6 3. g3 d5 4. Nf3 c6 5. Bg2 Bd6 6. O-O O-O 7. b3 Nbd7 8. Bb2 Ne4 9. Qc2 Qc7 10. Nc3 f5 11. Rac1 Ndf6 12. Ne5 Nxc3 13. Qxc3 Qe7 14. f3 Bd7 15. Qd3 Be8 16. e4 dxe4 17. fxe4 Bxe5 18. dxe5 Nxe4 19. Bxe4 fxe4 20. Qxe4 Bg6 21. Qe3 Rfd8 22. Rcd1 Rxd1 23. Rxd1 Rd8 24. Rxd8+ Qxd8 25. Qd4 Qxd4+ 26. Bxd4 1/2-1/2

[Event "4NCL/2001-02/D3/GUI2-WR2"]
[Site "Rd03-Birmingham"]
[Date "2001.11.24"]
[Round "3.6"]
[White "Lim Chin Lee"]
[Black "Norman, Kenneth I"]
[Result "1-0"]
[WhiteElo "2050"]
[BlackElo "2144"]
[PlyCount "39"]
[EventDate "2001.11.24"]
[EventType "team-match"]
[EventCountry "ENG"]
[SourceTitle "BritBase"]
[Source "John Saunders"]
[SourceDate "2024.10.24"]
[SourceVersion "1"]
[SourceVersionDate "2024.10.24"]
[SourceQuality "1"]
[WhiteTeam "White Rose 2"]
[BlackTeam "Guildford-ADC 2"]
[WhiteTeamCountry "ENG"]
[BlackTeamCountry "ENG"]

1. d4 Nf6 2. Nf3 g6 3. c4 Bg7 4. Nc3 d5 5. Bf4 O-O 6. cxd5 Nxd5 7. Nxd5 Qxd5 8. Bxc7 Nc6 9. e3 Bg4 10. h3 Bf5 11. Qd2 Rac8 12. Bg3 Rfd8 13. b3 Nxd4 14. exd4 Rc2 15. Bc4 Qc6 16. Qe3 b5 17. Bxf7+ Kxf7 18. O-O Rd7 19. Be5 Qd5 20. g4 1-0

[Event "4NCL/2001-02/D3/GUI2-WR2"]
[Site "Rd03-Birmingham"]
[Date "2001.11.24"]
[Round "3.7"]
[White "Punnett, Alan Kenneth"]
[Black "Keeling, Karen"]
[Result "1-0"]
[WhiteElo "2121"]
[BlackElo "2048"]
[PlyCount "81"]
[EventDate "2001.11.24"]
[EventType "team-match"]
[EventCountry "ENG"]
[SourceTitle "BritBase"]
[Source "John Saunders"]
[SourceDate "2024.10.24"]
[SourceVersion "1"]
[SourceVersionDate "2024.10.24"]
[SourceQuality "1"]
[WhiteTeam "Guildford-ADC 2"]
[BlackTeam "White Rose 2"]
[WhiteTeamCountry "ENG"]
[BlackTeamCountry "ENG"]

1. d4 Nf6 2. c4 e6 3. Nc3 Bb4 4. Bg5 c5 5. d5 d6 6. f3 e5 7. e4 O-O 8. Qc2 Re8 9. Bd2 Na6 10. Bd3 Nc7 11. Nge2 a6 12. a3 Bxc3 13. Nxc3 Rb8 14. b4 Nd7 15. O-O b6 16. Rf2 Rf8 17. g3 Ne8 18. Bf1 Ndf6 19. b5 a5 20. Nd1 Bd7 21. Ne3 Qc8 22. Bc3 g6 23. f4 exf4 24. gxf4 Bh3 25. Bb2 Bxf1 26. Raxf1 Nh5 27. Rg2 Nhg7 28. Qc3 Qd8 29. Nf5 f6 30. Nh6+ Kh8 31. f5 g5 32. h4 gxh4 33. Qh3 Nh5 34. Qxh4 Neg7 35. Rf3 Rb7 36. Rh3 Qe8 37. Qg4 Rd7 38. Kf2 Re7 39. Kf3 Rd7 40. Rgh2 Re7 41. Rh1 1-0

[Event "4NCL/2001-02/D3/GUI2-WR2"]
[Site "Rd03-Birmingham"]
[Date "2001.11.24"]
[Round "3.8"]
[White "Shaw, Peter"]
[Black "Norman>Dobson>Wright, Dinah Margaret"]
[Result "1-0"]
[WhiteElo "1960"]
[BlackElo "2032"]
[PlyCount "77"]
[EventDate "2001.11.24"]
[EventType "team-match"]
[EventCountry "ENG"]
[SourceTitle "BritBase"]
[Source "John Saunders"]
[SourceDate "2024.10.24"]
[SourceVersion "1"]
[SourceVersionDate "2024.10.24"]
[SourceQuality "1"]
[WhiteTeam "White Rose 2"]
[BlackTeam "Guildford-ADC 2"]
[WhiteTeamCountry "ENG"]
[BlackTeamCountry "ENG"]

1. d4 d5 2. Nf3 Nf6 3. e3 e6 4. Bd3 c5 5. c3 Nc6 6. O-O Qb6 7. Nbd2 Be7 8. a3 cxd4 9. exd4 Bd7 10. Qe2 O-O 11. Ne5 Rad8 12. Ndf3 Nb8 13. Bg5 Rfe8 14. h4 Ba4 15. Bxf6 Bxf6 16. Ng5 Bxg5 17. hxg5 Qc7 18. Qh5 g6 19. Qh6 Qe7 20. Ng4 Nd7 21. Rae1 Qf8 22. Qh4 Qg7 23. Re3 Rc8 24. Rfe1 a6 25. Rf3 Rf8 26. Nf6+ Nxf6 27. gxf6 Qh8 28. Qh6 Rc6 29. Re5 Rfc8 30. Rh5 R6c7 31. Rhh3 Bb3 32. g4 Bc4 33. Bxc4 Rxc4 34. g5 Re8 35. Rh4 e5 36. Rfh3 exd4 37. Qxh7+ Qxh7 38. Rxh7 Re1+ 39. Kg2 1-0

[Event "4NCL/2001-02/D3/GUI3-AFC"]
[Site "Rd03-Birmingham"]
[Date "2001.11.24"]
[Round "3.1"]
[White "Singleton, Michael Peter F"]
[Black "Carleton, John Joseph"]
[Result "0-1"]
[WhiteElo "2080"]
[BlackElo "2250"]
[PlyCount "74"]
[EventDate "2001.11.24"]
[EventType "team-match"]
[EventCountry "ENG"]
[SourceTitle "BritBase"]
[Source "John Saunders"]
[SourceDate "2024.10.24"]
[SourceVersion "1"]
[SourceVersionDate "2024.10.24"]
[SourceQuality "1"]
[WhiteTeam "Guildford-ADC 3"]
[BlackTeam "All Four Corners"]
[WhiteTeamCountry "ENG"]
[BlackTeamCountry "ENG"]

1. d4 d5 2. c4 e6 3. Nc3 Bb4 4. e3 Nf6 5. Nf3 O-O 6. Bd3 Nc6 7. O-O h6 8. a3 dxc4 9. Bxc4 Bd6 10. Qc2 e5 11. d5 Ne7 12. b4 Nh5 13. Bb2 Ng6 14. Rac1 f5 15. Nb5 Bd7 16. Be2 Bxb5 17. Bxb5 e4 18. Nd4 Ne5 19. f4 exf3 20. Nxf3 Ng4 21. Qc3 Qe7 22. Rfe1 Nhf6 23. h3 Ne4 24. Qxg7+ Qxg7 25. Bxg7 Kxg7 26. hxg4 fxg4 27. Nd4 Kh8 28. Bd3 Nf2 29. Bg6 Rf6 30. Bb1 g3 31. e4 Be5 32. Nf3 Re8 33. Nxe5 Rxe5 34. Rxc7 Rh5 35. Kf1 Nd3+ 36. Ke2 Nxe1 37. e5 Rxe5+ 0-1

[Event "4NCL/2001-02/D3/GUI3-AFC"]
[Site "Rd03-Birmingham"]
[Date "2001.11.24"]
[Round "3.2"]
[White "Toothill, John"]
[Black "Shepley, Julien M"]
[Result "1/2-1/2"]
[WhiteElo "2296"]
[BlackElo "2108"]
[PlyCount "42"]
[EventDate "2001.11.24"]
[EventType "team-match"]
[EventCountry "ENG"]
[SourceTitle "BritBase"]
[Source "John Saunders"]
[SourceDate "2024.10.24"]
[SourceVersion "1"]
[SourceVersionDate "2024.10.24"]
[SourceQuality "1"]
[WhiteTeam "All Four Corners"]
[BlackTeam "Guildford-ADC 3"]
[WhiteTeamCountry "ENG"]
[BlackTeamCountry "ENG"]

1. c4 c5 2. Nc3 Nc6 3. g3 e6 4. Bg2 f5 5. e3 Ne5 6. d3 Nf6 7. Nge2 Be7 8. O-O O-O 9. b3 a6 10. d4 Nf7 11. d5 e5 12. e4 d6 13. f4 fxe4 14. Nxe4 Nxe4 15. Bxe4 exf4 16. Bxf4 Bf6 17. Rc1 Bh3 18. Rf2 Qe7 19. Qc2 Ng5 20. Bg2 Bxg2 21. Kxg2 Qe4+ 1/2-1/2

[Event "4NCL/2001-02/D3/GUI3-AFC"]
[Site "Rd03-Birmingham"]
[Date "2001.11.24"]
[Round "3.3"]
[White "Dupre, Paul Donald"]
[Black "Spence, David J"]
[Result "1/2-1/2"]
[WhiteElo "2053"]
[BlackElo "2175"]
[PlyCount "59"]
[EventDate "2001.11.24"]
[EventType "team-match"]
[EventCountry "ENG"]
[SourceTitle "BritBase"]
[Source "John Saunders"]
[SourceDate "2024.10.24"]
[SourceVersion "1"]
[SourceVersionDate "2024.10.24"]
[SourceQuality "1"]
[WhiteTeam "Guildford-ADC 3"]
[BlackTeam "All Four Corners"]
[WhiteTeamCountry "ENG"]
[BlackTeamCountry "ENG"]

1. d4 d5 2. Nf3 c6 3. Bg5 h6 4. Bh4 Qb6 5. Qc1 Bf5 6. e3 Nd7 7. c4 Bxb1 8. Rxb1 e5 9. c5 Qb4+ 10. Qd2 Qxd2+ 11. Kxd2 e4 12. Ne1 a5 13. a3 b5 14. cxb6 Nxb6 15. b4 axb4 16. axb4 Be7 17. Bg3 Nf6 18. Nc2 O-O 19. Rb3 Ra2 20. Be2 Nc4+ 21. Kc3 Rfa8 22. Rhb1 Kh7 23. Bxc4 dxc4 24. R3b2 Nd5+ 25. Kxc4 R2a3 26. Nxa3 Rxa3 27. Rb3 Ra2 28. R3b2 Ra3 29. Rb3 Ra2 30. R3b2 1/2-1/2

[Event "4NCL/2001-02/D3/GUI3-AFC"]
[Site "Rd03-Birmingham"]
[Date "2001.11.24"]
[Round "3.4"]
[White "Savory, Richard J"]
[Black "Smart, Michael"]
[Result "1-0"]
[WhiteElo "2115"]
[BlackElo "1960"]
[PlyCount "79"]
[EventDate "2001.11.24"]
[EventType "team-match"]
[EventCountry "ENG"]
[SourceTitle "BritBase"]
[Source "John Saunders"]
[SourceDate "2024.10.24"]
[SourceVersion "1"]
[SourceVersionDate "2024.10.24"]
[SourceQuality "1"]
[WhiteTeam "All Four Corners"]
[BlackTeam "Guildford-ADC 3"]
[WhiteTeamCountry "ENG"]
[BlackTeamCountry "ENG"]

1. e4 Nf6 2. e5 Nd5 3. d4 d6 4. c4 Nb6 5. exd6 cxd6 6. d5 e5 7. Nc3 Bf5 8. Nf3 N8d7 9. Be3 Rc8 10. b3 Nc5 11. Be2 Be7 12. O-O O-O 13. Qd2 Bg4 14. h3 Bxf3 15. Bxf3 f5 16. Rac1 Kh8 17. Be2 Ncd7 18. f4 g5 19. fxg5 f4 20. Bf2 Bxg5 21. Ne4 Nc5 22. Nxc5 f3 23. Be3 Bxe3+ 24. Qxe3 fxe2 25. Rxf8+ Qxf8 26. Ne6 Qf5 27. Re1 Rg8 28. Rxe2 Qb1+ 29. Kh2 Nd7 30. Rf2 Qg6 31. Qf3 b6 32. b4 e4 33. Qc3+ Ne5 34. c5 bxc5 35. bxc5 e3 36. Qxe3 Qh5 37. Qf4 Ng4+ 38. Kg1 Qxd5 39. Qxd6 Qd1+ 40. Qxd1 1-0